| 000 | 01632nam0a2200337 i 4500 | ||
|---|---|---|---|
| 001 | RU\NLR\bibl\2072928 | ||
| 005 | 20240921142336.0 | ||
| 010 |
_a9785888716069 _9130 |
||
| 021 |
_aRU _b2013-63857 _94375 |
||
| 035 | _a(nilc)RuMoRGB-006628934 | ||
| 035 | _a(NLR Aleph) 002059090 | ||
| 090 |
_a4678161 _c4678161 |
||
| 100 | _a20130812d2013 u y0rusy50 ca | ||
| 101 | 0 | _arus | |
| 102 | _aRU | ||
| 105 | _ay ||||||||| | ||
| 200 | 1 |
_aПеревозка наливных грузов морским транспортом _eучебное пособие для студентов (курсантов) морских специальностей вузов региона _fИ.Ф. Коростелев, А.К. Лукашкин _gФедер. агентство по рыболовству, Дальневост. гос. технич. рыбохоз. ун-т |
|
| 210 |
_aВладивосток _cДальрыбвтуз _d2013 |
||
| 215 |
_a165 с. _cил. _d21 |
||
| 320 | _aБиблиогр.: с. 164 (13 назв.) | ||
| 606 | 1 |
_aНаливные грузы _jУчебные издания для высших учебных заведений _xМорские перевозки _91777686 _3RU\NLR\auth\66798823 |
|
| 686 | _aО486.484я73-1 | ||
| 700 | 1 |
_aКоростелев _bИ. Ф. _gИван Федорович _4070 |
|
| 701 | 1 |
_aЛукашин _bА. К. _gАлександр Константинович _4070 |
|
| 801 | 0 |
_aRU _bRuMoRKP _c20130812 _gRCR |
|
| 801 | 2 |
_aRU _bРГБ _c20130827 _grcr |
|
| 801 | 1 |
_aRU _bRuMoRKP _c20130812 _2rusmarc |
|
| 801 | 2 |
_aRU _bNLR _c20130917 _grcr |
|
| 942 | _cBOOK | ||
| 980 | _aNBR | ||